[Event "Kishinev ULIM op"]
[Site "Kishinev"]
[Date "2007.10.06"]
[Round "1"]
[White "Popa, Iuliana"]
[Black "Bargan, Sergei"]
[Result "0-1"]
[WhiteElo "1989"]
[BlackElo "2368"]
[PlyCount "104"]
[EventDate "2007.10.06"]
[EventType "swiss"]
[EventRounds "9"]
[EventCountry "MDA"]
[SourceTitle "EXT 2008"]
[Source "ChessBase"]
[SourceDate "2007.11.25"]
[SourceVersion "1"]
[SourceVersionDate "2007.11.25"]
[SourceQuality "1"]

1. d4 Nf6 2. c4 c5 3. d5 e5 4. Nc3 d6 5. e4 Be7 6. g3 0-0 7. Bg2 g6 8. Nge2 Nh5 9. 0-0 a6 10. a4 Nd7 11. Bd2 Ng7 12. Nc1 f5 13. Nd3 Bg5 14. f4 exf4 15. Bxf4 Bxf4 16. Rxf4 fxe4 17. Rxf8+ Qxf8 18. Nxe4 Nf6 19. Qd2 Bf5 20. Re1 Re8 21. Ndf2 Re5 22. a5 Nxe4 23. Nxe4 Qe7 24. Qd3 Ne8 25. h3 h5 26. Qf3 Kg7 27. Re2 Nf6 28. Nc3 Rxe2 29. Nxe2 Qe5 30. Kh2 Qxb2 31. Qe3 Kf7 32. Nf4 Be4 33. Qe1 Qc2 34. Qf1 Qa2 35. Ne6 Ke7 36. Ng5 Bxg2 37. Qxg2 Qxc4 38. Qb2 Qxd5 39. Qe2+ Qe5 40. Qxe5+ dxe5 41. Kg2 Kd6 42. Kf3 Kd5 43. Ke3 c4 44. Nf3 c3 45. Nh4 Kc4 46. Nxg6 e4 47. Nf4 Nd5+ 48. Nxd5 Kxd5 49. g4 hxg4 50. hxg4 Ke5 51. Ke2 Kf4 52. Kd1 e3 0-1

[Event "Kishinev Binefacere op"]
[Site "Kishinev"]
[Date "2007.04.23"]
[Round "3"]
[White "Mamaliga, Laurentiu"]
[Black "Popa, Iuliana"]
[Result "1/2-1/2"]
[WhiteElo "1508"]
[BlackElo "1995"]
[PlyCount "122"]
[EventDate "2007.04.21"]
[EventType "swiss"]
[EventRounds "9"]
[EventCountry "MDA"]
[SourceTitle "CBM 118 Extra"]
[Source "ChessBase"]
[SourceDate "2007.07.04"]
[SourceVersion "1"]
[SourceVersionDate "2007.07.04"]
[SourceQuality "1"]

1. e4 e6 2. d4 d5 3. Nc3 Bb4 4. exd5 exd5 5. Bd3 Nf6 6. Bd2 0-0 7. Nge2 Nc6 8. 0-0 a6 9. a3 Bd6 10. h3 Re8 11. Bg5 h6 12. Bh4 Be7 13. Re1 Ne4 14. Bxe7 Rxe7 15. Nxe4 dxe4 16. Bc4 Bf5 17. Ng3 Bg6 18. Qg4 Qxd4 19. Qxg6 Qxc4 20. Qg4 Re6 21. Nf5 Rg6 22. Qxe4 Qxe4 23. Rxe4 Re6 24. Rxe6 fxe6 25. Ne3 Rd8 26. Rd1 Rxd1+ 27. Nxd1 Kf7 28. Kf1 e5 29. Ke2 Ke6 30. Ke3 Nd4 31. c3 Nf5+ 32. Ke4 Nd6+ 33. Kf3 Nc4 34. Kg4 g6 35. h4 b5 36. Kf3 c5 37. Ke4 Nd6+ 38. Kd3 c4+ 39. Ke2 Ne4 40. f3 Nc5 41. Nf2 Na4 42. Nd1 Kf5 43. Ke3 h5 44. g3 a5 45. Ke2 Nc5 46. Nf2 e4 47. Ke3 exf3 48. Kxf3 Na4 49. Nd1 Nc5 50. Nf2 g5 51. hxg5 Kxg5 52. Kg2 Nd3 53. Ne4+ Kg4 54. Nd6 Nxb2 55. Nxb5 Nd1 56. Nd6 Ne3+ 57. Kf2 Nd1+ 58. Kg2 Ne3+ 59. Kf2 Nd1+ 60. Kg2 Nxc3 61. Nxc4 a4 1/2-1/2

[Event "Romania (Women)"]
[Site "Romania"]
[Date "2007.02.25"]
[Round "9"]
[White "Bogdan, Elizaveta"]
[Black "Popa, Iuliana"]
[Result "1/2-1/2"]
[WhiteElo "1909"]
[BlackElo "1977"]
[PlyCount "88"]
[EventDate "2007.02.17"]
[EventType "tourn"]
[EventRounds "13"]
[EventCountry "ROU"]
[SourceTitle "EXT 2008"]
[Source "ChessBase"]
[SourceDate "2007.11.25"]
[SourceVersion "1"]
[SourceVersionDate "2007.11.25"]
[SourceQuality "1"]

1. Nf3 d5 2. d3 c5 3. Nbd2 Nc6 4. g3 e5 5. e4 d4 6. Nc4 Qc7 7. Bg2 b5 8. Ncd2 a6 9. Nh4 g6 10. a4 Ra7 11. Nf1 Be7 12. Nf3 Nf6 13. Ng5 c4 14. dxc4 bxc4 15. Nd2 Nb4 16. 0-0 c3 17. Ndf3 h6 18. Nh3 cxb2 19. Bxb2 Bg4 20. Rc1 Nxe4 21. Qe1 Bxf3 22. Bxf3 Nf6 23. Bg2 Nbd5 24. Qe2 0-0 25. f4 Qb6 26. Kh1 Ne3 27. fxe5 Nd7 28. Rb1 Nxf1 29. Qxf1 Nxe5 30. Qg1 Rb8 31. Nf4 Bg5 32. Nd5 Qc5 33. Bxd4 Rxb1 34. Bxc5 Rxg1+ 35. Kxg1 Rd7 36. Bd4 Nc4 37. h4 Bd8 38. Kf2 h5 39. c3 Nd6 40. Bc5 Nf5 41. Be4 Kg7 42. Kf3 Ne7 43. Bd4+ Kf8 44. Nf6 Rd6 1/2-1/2

[Event "Romania (Women)"]
[Site "Romania"]
[Date "2007.02.24"]
[Round "8"]
[White "Popa, Iuliana"]
[Black "Bulmaga, Irina"]
[Result "0-1"]
[WhiteElo "1977"]
[BlackElo "2101"]
[PlyCount "62"]
[EventDate "2007.02.17"]
[EventType "tourn"]
[EventRounds "13"]
[EventCountry "ROU"]
[SourceTitle "EXT 2008"]
[Source "ChessBase"]
[SourceDate "2007.11.25"]
[SourceVersion "1"]
[SourceVersionDate "2007.11.25"]
[SourceQuality "1"]

1. d4 Nf6 2. c4 c5 3. d5 e5 4. Nc3 d6 5. e4 Be7 6. Bd3 Nbd7 7. Nge2 g6 8. 0-0 Nh5 9. a3 0-0 10. Qc2 a6 11. f4 exf4 12. Nxf4 Ng7 13. Be2 Bf6 14. Be3 Ne5 15. Nd1 Bd7 16. Rb1 b5 17. b4 cxb4 18. cxb5 axb5 19. Rxb4 Rxa3 20. Bxb5 Qa5 21. Qb1 Rb8 22. Ne2 Rxb5 23. Bd2 Rxb4 24. Bxb4 Qb6+ 25. Kh1 Ra4 26. Rxf6 Rxb4 27. Qc2 Rc4 28. Nec3 Nh5 29. Rf1 Qd4 30. Qe2 Kg7 31. Rf2 Nd3 0-1

[Event "Romania (Women)"]
[Site "Romania"]
[Date "2007.02.22"]
[Round "6"]
[White "Popa, Iuliana"]
[Black "Iurascu, Mihaela"]
[Result "1-0"]
[WhiteElo "1977"]
[BlackElo "1886"]
[PlyCount "97"]
[EventDate "2007.02.17"]
[EventType "tourn"]
[EventRounds "13"]
[EventCountry "ROU"]
[SourceTitle "EXT 2008"]
[Source "ChessBase"]
[SourceDate "2007.11.25"]
[SourceVersion "1"]
[SourceVersionDate "2007.11.25"]
[SourceQuality "1"]

1. d4 Nf6 2. c4 g6 3. Nc3 Bg7 4. e4 d6 5. Be2 0-0 6. Bg5 Nbd7 7. Qd2 e5 8. Nf3 Qe8 9. d5 a6 10. 0-0 Kh8 11. b4 Ng8 12. Qc2 h6 13. Bd2 f5 14. Bd3 f4 15. Na4 g5 16. c5 Qe7 17. c6 Ndf6 18. cxb7 Bxb7 19. Rfc1 Ne8 20. Be1 g4 21. Nd2 h5 22. Qd1 Qg5 23. f3 Ngf6 24. Be2 Rg8 25. Bf1 Bc8 26. Qe2 Bd7 27. Nc3 Bh6 28. a4 Qg7 29. b5 axb5 30. Nxb5 gxf3 31. Nxf3 Bg4 32. a5 Bh3 33. Kh1 Bg4 34. a6 Bxf3 35. Qxf3 Ng4 36. Ra2 Ne3 37. a7 Nxf1 38. Qxf1 f3 39. Rcc2 fxg2+ 40. Rxg2 Qh7 41. Rxg8+ Qxg8 42. Qf5 Qg4 43. Qxg4 hxg4 44. Ba5 Be3 45. Nxc7 Nxc7 46. Bxc7 Rxa7 47. Rxa7 Bxa7 48. Bxd6 Bd4 49. Kg2 1-0

[Event "Romania (Women)"]
[Site "Romania"]
[Date "2007.02.19"]
[Round "3"]
[White "Andronic, Iulia"]
[Black "Popa, Iuliana"]
[Result "1-0"]
[WhiteElo "2076"]
[BlackElo "1977"]
[PlyCount "97"]
[EventDate "2007.02.17"]
[EventType "tourn"]
[EventRounds "13"]
[EventCountry "ROU"]
[SourceTitle "EXT 2008"]
[Source "ChessBase"]
[SourceDate "2007.11.25"]
[SourceVersion "1"]
[SourceVersionDate "2007.11.25"]
[SourceQuality "1"]

1. Nf3 d5 2. d4 Nf6 3. c4 e6 4. Nc3 Nbd7 5. Bg5 c6 6. e3 Bb4 7. Qc2 Qa5 8. Nd2 0-0 9. Be2 Ne4 10. Ndxe4 dxe4 11. Bh4 f5 12. 0-0 Nf6 13. c5 Bxc3 14. bxc3 b6 15. Bg3 Rd8 16. cxb6 axb6 17. Rfb1 Ra7 18. c4 Bd7 19. Qb3 Rb7 20. a4 c5 21. Bd6 cxd4 22. exd4 Qd2 23. Bf1 Ng4 24. Ra2 Qxd4 25. Rd1 Qf6 26. a5 Ra8 27. a6 Rba7 28. Qxb6 e5 29. h3 Nh6 30. c5 f4 31. Bc7 Be6 32. Rad2 Nf7 33. Bb8 e3 34. Bxa7 exd2 35. Rxd2 f3 36. Qb7 Rc8 37. Qxf3 Qe7 38. Bb6 Ng5 39. Qb7 Nxh3+ 40. Kh2 Qg5 41. Rd8+ Rxd8 42. Bxd8 Qf4+ 43. g3 Qh6 44. Bh4 Nxf2 45. a7 Ng4+ 46. Kh1 Nf2+ 47. Kg1 Nh3+ 48. Kh2 Qd2+ 49. Bg2 1-0

[Event "Romania (Women)"]
[Site "Romania"]
[Date "2007.02.18"]
[Round "2"]
[White "Popa, Iuliana"]
[Black "Crigan, Galina"]
[Result "1-0"]
[WhiteElo "1977"]
[BlackElo "2061"]
[PlyCount "69"]
[EventDate "2007.02.17"]
[EventType "tourn"]
[EventRounds "13"]
[EventCountry "ROU"]
[SourceTitle "EXT 2008"]
[Source "ChessBase"]
[SourceDate "2007.11.25"]
[SourceVersion "1"]
[SourceVersionDate "2007.11.25"]
[SourceQuality "1"]

1. d4 d5 2. c4 e5 3. dxe5 d4 4. Nf3 Nc6 5. g3 Bg4 6. Bg2 Qd7 7. a3 0-0-0 8. Nbd2 Bh3 9. 0-0 h5 10. Ne4 Bxg2 11. Kxg2 Qf5 12. Neg5 Nh6 13. Qd3 Qd7 14. b4 Ng4 15. Bf4 Ngxe5 16. Bxe5 f6 17. Bf4 fxg5 18. Bxg5 Be7 19. b5 Bxg5 20. bxc6 Qxc6 21. Qf5+ Kb8 22. Qxg5 Qxc4 23. Qxg7 Qxe2 24. Rfe1 Qb2 25. Rac1 Qb6 26. Re7 Rhg8 27. Ne5 Qd6 28. Qf7 Rgf8 29. Nd7+ Rxd7 30. Qxf8+ Rd8 31. Qf7 d3 32. Rcxc7 Ka8 33. Red7 Qxc7 34. Rxc7 d2 35. Rxb7 1-0

[Event "Kishinev ULIM Cup"]
[Site "Kishinev"]
[Date "2005.10.15"]
[Round "8"]
[White "Popa, Iuliana"]
[Black "Vasiliev, Alexandr"]
[Result "1-0"]
[WhiteElo "1979"]
[BlackElo "1914"]
[PlyCount "41"]
[EventDate "2005.10.08"]
[EventType "swiss"]
[EventRounds "9"]
[EventCountry "MDA"]
[SourceTitle "CBM 108 Extra"]
[Source "ChessBase"]
[SourceDate "2005.11.04"]
[SourceVersion "1"]
[SourceVersionDate "2005.11.04"]
[SourceQuality "1"]

1. c4 e5 2. Nc3 d6 3. e4 Nf6 4. g3 g6 5. Bg2 Bg7 6. Nge2 Be6 7. d3 c5 8. a3 Nc6 9. Rb1 Qd7 10. b4 b6 11. f4 Bh3 12. 0-0 Bxg2 13. Kxg2 h5 14. fxe5 Nxe5 15. Bf4 h4 16. Ng1 hxg3 17. hxg3 Nh5 18. Nd5 Nxf4+ 19. Rxf4 Nc6 20. Qa4 0-0 21. Qxc6 1-0

[Event "Kishinev ULIM Cup"]
[Site "Kishinev"]
[Date "2005.10.11"]
[Round "4"]
[White "Popa, Iuliana"]
[Black "Karacay, Aybar"]
[Result "0-1"]
[WhiteElo "1979"]
[BlackElo "2042"]
[PlyCount "84"]
[EventDate "2005.10.08"]
[EventType "swiss"]
[EventRounds "9"]
[EventCountry "MDA"]
[SourceTitle "CBM 108 Extra"]
[Source "ChessBase"]
[SourceDate "2005.11.04"]
[SourceVersion "1"]
[SourceVersionDate "2005.11.04"]
[SourceQuality "1"]

1. c4 e5 2. Nc3 Bb4 3. g3 Ne7 4. Bg2 0-0 5. Nf3 d6 6. a3 Bxc3 7. bxc3 f6 8. 0-0 c5 9. e4 Nbc6 10. d3 h6 11. Nh4 Qe8 12. Be3 g5 13. Nf3 b6 14. Ne1 Be6 15. Qe2 Kg7 16. Nc2 Qd7 17. f4 Rh8 18. f5 Bf7 19. Bf2 h5 20. Ne3 Rag8 21. Nd5 Nxd5 22. cxd5 Na5 23. h3 c4 24. dxc4 Qa4 25. c5 Nb3 26. Rab1 bxc5 27. Qa2 Rb8 28. Bf3 Rb7 29. Bd1 Rhb8 30. Bc2 c4 31. Rb2 Qd7 32. Be3 a5 33. Bd1 Qc7 34. Bc2 Rb5 35. a4 R5b7 36. Rfb1 Nc5 37. Rxb7 Nxb7 38. Qb2 h4 39. g4 Qc8 40. Ba7 Qc7 41. Bxb8 Qc5+ 42. Kg2 Qe3 0-1

[Event "Kishinev ULIM Cup"]
[Site "Kishinev"]
[Date "2005.10.10"]
[Round "3"]
[White "Popa, Iuliana"]
[Black "Partac, Elena"]
[Result "0-1"]
[WhiteElo "1979"]
[BlackElo "2171"]
[PlyCount "46"]
[EventDate "2005.10.08"]
[EventType "swiss"]
[EventRounds "9"]
[EventCountry "MDA"]
[SourceTitle "CBM 108 Extra"]
[Source "ChessBase"]
[SourceDate "2005.11.04"]
[SourceVersion "1"]
[SourceVersionDate "2005.11.04"]
[SourceQuality "1"]

1. c4 e5 2. Nc3 Nc6 3. g3 g6 4. Bg2 Bg7 5. e4 d6 6. Nge2 Be6 7. d3 Qd7 8. Nd5 Nd8 9. Be3 c6 10. Ndc3 Bh3 11. 0-0 h5 12. Bxh3 Qxh3 13. f3 Qe6 14. d4 Qxc4 15. dxe5 dxe5 16. f4 Nf6 17. b3 Qb4 18. a3 Qe7 19. fxe5 Ng4 20. Bd4 Ne6 21. b4 Rd8 22. Qd2 Nxd4 23. Nxd4 Qxe5 0-1